• 首页
  • 本馆介绍
  • 公告通知
  • 最新文献
  • 馆藏检索
  • 电子资源
  • 读者导购
  • 参考咨询
  • 我的图书馆
  • 登录
  • 详细信息显示
  • 放入我的书架
  • 预约/预借图书
  • 作者相关作品
  • 分类相关作品
  • 丛书相关作品
  • 出版社相关作品

书目信息

  • 表格格式
  • 工作单格式
  • 卡片格式
题名:
再生集
    
 
作者: 侯宝林 著
分册:  
出版信息: 太原   山西人民出版社  1979
页数: 186页
开本: 19cm
丛书名:
单 册:
中图分类: I239.77 , I239.7
科图分类:
主题词: 相声--中国--现代--选集 , 戏剧文学--剧本--中国
电子资源:
ISBN:
000 00645nam0 2200253 45
001 0179003462
005 20040311165656.7
010    @dCNY0.48
091    @a10088.610
100    @a19950719d1979 em y0chiy0121 ea
101 0  @achi
102    @aCN@b140000
105    @af z 000dy
106    @ar
200 10 @a再生集@Azai sheng ji@e相声@f侯宝林著
210    @a太原@c山西人民出版社@d1979
215    @a186页@c照片@d19cm
606    @a相声@y中国@z现代@x选集
606 0  @a戏剧文学@x剧本@x中国
690    @aI239.77@v3
690    @aI239.7@v3
701  0 @a侯宝林@Ahou bao lin@4著
801  0 @aCN@bNLC@c20031224
905    @dI239.7@e3@f1@b11108
    
    再生集:相声/侯宝林著.-太原:山西人民出版社,1979
    186页:照片;19cm
    
    
    ISBN :CNY0.48
    
●
相关链接 在E读中查询图书 在五车中查询图书 在当当中查询图书 在豆瓣中查询图书


正题名:再生集     索取号:I239.7/3         预约/预借

序号 登录号 条形码 馆藏地/架位号 状态 备注
1 0011108   001897969   第一样本阅览室/ [索取号:I239.7/3] 在馆    
2 0011109   001859750   密集书库/ [索取号:I239.7/3] 在馆    
唐山师范学院图书馆 欢迎您!
大连网信软件有限公司© 版权所有